| 000 | 01561nam a22002417a 4500 | ||
|---|---|---|---|
| 003 | DO-SdBNP | ||
| 005 | 20220429092212.0 | ||
| 008 | 110301s2021 dr ad 000 0 spa d | ||
| 020 | _a9789945628166 | ||
| 040 |
_aDO-SdBNP _bspa _cBNPHU |
||
| 082 | 4 |
_axxxx _bO34c |
|
| 100 | 1 |
_aOgando, Alex _953018 |
|
| 245 | 1 | 0 |
_a¿Cómo emprender siendo empleado? : _bel problema no es el empleo, sino que esa sea tu única fuente de ingresos / _cAlex Ogando ; prólogo Ezequiel Díaz |
| 260 |
_aSanto Domingo : _bBien - etre, _c2021. |
||
| 300 |
_a170 p. : _bil., graf. _c22 cm. |
||
| 500 | _aIncluye datos biográficos del autor. | ||
| 504 | _aBibliografía P: 165 | ||
| 505 |
_tDedicatoria -- _tAgradecimientos -- _tPrólogo -- _gCapitulo 1 -- _tRazones por las que algunos empleados no emprenden -- _gCapítulo 2 -- _tLo que debes saber antes de emprender -- _gCapítulo 3 -- _tÉtica y transparencia del empleado que emprende -- _gCapítulo 4 -- _t10 ideas de negocio que puedes desarrollar paralelo a tu empleo, con poco capital -- _gCapítulo 5 -- _tManejo efectivo del tiempo del empleado que emprende -- _gCapítulo 6 -- _tLa mentalidad del empleado y del emprendedor -- _gCapítulo 7 -- _t5 miedos que pueden neutralizarte al intentar emprender siendo empleado -- _gCapítulo 8 -- _tSácale el mayor provecho al empleo -- _gCapítulo 9 -- _tLa importancia de saber vender -- _gCapítulo 10 -- _t¿Cuándo me dedico 100% al negocio y dejo el empleo? -- |
||
| 590 | _aInventariado, 2022/ YL | ||
| 700 | 1 | 2 |
_aDíaz, Ezequiel _eprol. _981525 |
| 910 | _aYLockward | ||
| 942 |
_2ddc _cLBS1 |
||
| 999 |
_c51618 _d51618 |
||